Foundations of Nursing Practice: fundamentals of holistic care (Record no. 4412)

MARC details
000 -LEADER
fixed length control field 00645nam a22002177a 4500
003 - CONTROL NUMBER IDENTIFIER
control field OSt
005 - DATE AND TIME OF LATEST TRANSACTION
control field 20160620143437.0
008 - FIXED-LENGTH DATA ELEMENTS--GENERAL INFORMATION
fixed length control field 160620b xxu||||| |||| 00| 0 eng d
020 ## - INTERNATIONAL STANDARD BOOK NUMBER
International Standard Book Number 9780723434832
040 ## - CATALOGING SOURCE
Transcribing agency DNLM
082 ## - DEWEY DECIMAL CLASSIFICATION NUMBER
Classification number WY195 F84r 2009
100 ## - MAIN ENTRY--PERSONAL NAME
Personal name Edited by Rooyen, R.M Van;Jordan, P.J
9 (RLIN) 9482
245 ## - TITLE STATEMENT
Title Foundations of Nursing Practice: fundamentals of holistic care
250 ## - EDITION STATEMENT
Edition statement African ed.
260 ## - PUBLICATION, DISTRIBUTION, ETC. (IMPRINT)
Place of publication, distribution, etc. Edinburgh; Mosby, 2009
300 ## - PHYSICAL DESCRIPTION
Extent xviii,736p; col.ill: 28cm
504 ## - BIBLIOGRAPHY, ETC. NOTE
Bibliography, etc Appendex, glossary, & index included
650 ## - SUBJECT ADDED ENTRY--TOPICAL TERM
Topical term or geographic name as entry element Nursing proceedures
9 (RLIN) 7359
650 ## - SUBJECT ADDED ENTRY--TOPICAL TERM
Topical term or geographic name as entry element Nursing Training
9 (RLIN) 9483
942 ## - ADDED ENTRY ELEMENTS (KOHA)
Source of classification or shelving scheme Other/Generic Classification Scheme
Koha item type Open Shelf
Holdings
Withdrawn status Lost status Source of classification or shelving scheme Damaged status Not for loan Home library Current library Date acquired Source of acquisition Inventory number Total Checkouts Full call number Barcode Date last seen Date last checked out Koha item type
    Other/Generic Classification Scheme     MUST Main Library MUST Main Library 20/06/2016   14/37462 1 WY195 F84r 2009 2016-2590 18/04/2017 06/03/2017 Open Shelf
    Other/Generic Classification Scheme     MUST Main Library MUST Main Library 20/06/2016   14/37463   WY195 F84r 2009 2016-2591 20/06/2016   Open Shelf